000 00913nam a2200241 a 4500
001 49077
003 BD-RjUL
005 20211209054630.0
008 160817s1989 ii ||||| |||| 00| 0 ben d
020 _c: Tk.2.00
035 _a(BD-RjUL)49196
040 _aBD-RjUL
_bben
_cBD-RjUL
_dBD-RjUL
041 _aben
082 _223
_a891.441
_bSAS 1989
100 _aসাহা, পঙ্কজ
_9147640
245 1 0 _aশব্দ ফেরে না /
_cপঙ্কজ সাহা; অ্যাণ্ড্র ওয়ারহ্যামঃ অনুবাদ
260 _aকলকাতা:
_bপ্যাপিরাস,
_c১৯৮৯
300 _a৩৭ পৃ. ;
_c২০ সেমি.
650 _aবাংলা কবিতা
_9147641
650 _aBengali poetry
_9147642
700 _aওয়ারহ্যাম অ্যাণ্ড্রঃ অনুবাদ
_9147643
942 _2ddc
_cBK
999 _c49077
_d49077